00932naa#a2200181#i#4500001001600000005001700016011001400033100004100047102000700088200016400095210020500259215001000464608004500474675014100519700003000660700003000690856003000720RU\\bibl\12149820260429201937.3##a1994-4683##a20230531b2023####ek#y0rusy0150####ca##aRU1#aОЦЕНКА ПСИХИЧЕСКОГО ЗДОРОВЬЯ И БЛАГОПОЛУЧИЯ СТУДЕНЧЕСКОЙ МОЛОДЕЖИeЖурнальная статья1#aМоскваcНациональный государственный Университет физической культуры, спорта и здоровья им. П.Ф. Лесгафтаd2023##a4 с.##aЖурнальная статья2local##aПсихологические исследования, опыты, эксперименты, тесты, измерения. 159.9.072#1aФилипповаgС А#1aСтепановаgН А4#auchzapiski.lesgaft.spb.ru